| 000 | 00916nam a22002537a 4500 | ||
|---|---|---|---|
| 005 | 20090504104614.0 | ||
| 008 | 090504t xxu||||| |||| 00| 0 eng d | ||
| 010 | _aENG-93406 | ||
| 020 |
_a818868323X _c400.00 |
||
| 020 |
_a9788188683239 _c400.00 |
||
| 035 | _aEN-76939 | ||
| 037 | _bDBAD / PUB | ||
| 040 |
_adpl _bEnglish |
||
| 082 | _a170.954 | ||
| 100 | _aPal, Jagat | ||
| 245 |
_aKarma, dharma and moksha: _cby Jagat Pal _bconceptual essays on Indian ethics / |
||
| 260 |
_aDelhi _bAbhijeet Publications _c2004 |
||
| 270 |
_a2/46 Tukhmeerpur Extension _bDelhi _e110094 |
||
| 300 |
_avi, 159p. _c22cm (Hb) |
||
| 500 | _aIncludes index | ||
| 650 | _aIndian ethics. | ||
| 942 |
_2ddc _cEN _mPAL _h170.954 |
||
| 999 |
_c26059 _d26059 |
||